000 00512cam a2200193ua 4500
020 _a81-203-0893-x
_c250.00
041 _aeng
_h
082 _a658.4033
_bLEV/ST
100 _aLevin, Richard.I .
245 _aStatistics for management /
_cI.Richard Levin.
_hTextual Documents
250 _a6 /
_b.
260 _aNew Delhi :
_bPrentice Hall of India Pvt Ltd. ,
_c1994.
300 _a1018 ; .
365 _a250.00
504 _a
700 1 _aRubin, David.S .
942 _cBK
999 _c1589
_d1589